الفقر والاحسان في مصر : عصر سلاطين المماليك 1250-1517م

محفوظ في:

المؤلف الرئيسي: آدم عبد الحميد صبرة.

مؤلفون آخرون: قاسم عبده قاسم.

التنسيق: كتاب

اللغة: Undetermined

منشور في: Al-Qāhirah : Majlis al-Aʻlá lil-Thaqāfah, 2003.

سلاسل: المشروع القومي للترجمة ؛, 509

الموضوعات:

الوسوم: إضافة وسم

لا توجد وسوم, كن أول من يضع وسما على هذه التسجيلة!

رقم الطلب: HC830 .Z9 P62512

LEADER 00890nam a2200205Ia 4500
008 240329s9999||||xx |||||||||||||| ||und||
050 4 |a HC830 .Z9 P62512 
100 1 |a آدم عبد الحميد صبرة. 
245 1 0 |a الفقر والاحسان في مصر : عصر سلاطين المماليك 1250-1517م  |c آدم عبد الحميد صبرة 
264 1 |a Al-Qāhirah :  |b Majlis al-Aʻlá lil-Thaqāfah,  |c 2003. 
300 |a 299  |b illustrations  |c 24 
490 0 |a  المشروع القومي للترجمة ؛, 509 
500 |a يحوي مراجع هامشية 
650 |a  الفقر مصر تاريخ 1250-1517 
650 |a  المماليك الأحوال الاقتصادية 1250-1517 
650 |a الحضارة الاسلامية 
650 |a الفقر النواحي الدينية الاسلام 
700 1 |a قاسم عبده قاسم. 
942 |2 lcc  |c BK 
999 |c 57880  |d 57880